Pedagogía científica : psicología y dirección del aprendizaje /
Guardado en:
| Autor Principal: | |
|---|---|
| Formato: | Libro |
| Publicado: |
Colombia :
Publicaciónes cultural,
1959
|
| Edición: | 4a. ed. |
| Materias: | |
| Etiquetas: |
Agregar Etiqueta
Sin Etiquetas, Sea el primero en etiquetar este registro!
|
| LEADER | 00568nam a22001935a 4500 | ||
|---|---|---|---|
| 001 | CEM.cems006784 | ||
| 005 | 20060214000000.0 | ||
| 008 | 130507s1959##################000#0#####d | ||
| 003 | CEMS | ||
| 082 | 0 | 4 | |a 370.15 |
| 100 | 1 | |a Aguayo, Alfredo M. | |
| 245 | 1 | 0 | |a Pedagogía científica : |b psicología y dirección del aprendizaje / |
| 250 | |a 4a. ed. | ||
| 260 | |a Colombia : |b Publicaciónes cultural, |c 1959 | ||
| 300 | |a 352 p. | ||
| 653 | |a Educacion | ||
| 653 | |a Pedagogia | ||
| 653 | |a Psicología educativa | ||
| 859 | |a CEMS |b BIB. CEMS - 11 de abril |h 370.15 |i Ag91a4 |p 3244.74 |t Ej.1 | ||
